UBT Library

In the company of others : (Record no. 1121)

000 -LEADER
fixed length control field 00538nam a22001817a 4500
008 - FIXED-LENGTH DATA ELEMENTS--GENERAL INFORMATION
fixed length control field 150715b xxu||||| |||| 00| 0 eng d
020 ## - INTERNATIONAL STANDARD BOOK NUMBER
International Standard Book Number 0767415299
041 0# - LANGUAGE CODE
Language code of text/sound track or separate title eng
080 ## - UNIVERSAL DECIMAL CLASSIFICATION NUMBER
Universal Decimal Classification number 336.7
100 ## - Rafti
Rafti Rothwell, J. Dan ;
245 ## - TITLE STATEMENT
Title In the company of others :
Statement of responsibility, etc J. Dan Rothwell.
260 ## -
-- California :
-- Mayfield Publishing Company ;
-- 2000.
300 ## -
-- 534 f. :
-- me il. ;
-- 24 cm.
500 ## -
-- Preface: f. vii-xii
505 ## -
-- index; f. 529-534
650 #0 -
-- Komunikimi
942 ## - ADDED ENTRY ELEMENTS (KOHA)
Source of classification or shelving scheme
Item type Books
Holdings
Withdrawn status Lost status Source of classification or shelving scheme Damaged status Not for loan Collection code Permanent location Current location Shelving location Date acquired Total Checkouts Full call number Date last seen Price effective from Koha item type
          Koleksioni i përgjithshem UBT - Lipjan UBT - Lipjan Koleksioni i përgjithshem 07/15/2015   336.7 ROT 07/15/2015 07/15/2015 Books
UBT Library © 2015-2024. All rights reserved University Education for Business and Technology